000
00303nam a2200133Ia 4500
005
20251222140045.0
008
251222s1900||||xx |||||||||||||| ||spa||
082
_a
106/Y95
100
_a
RodrĂguez de Yurre, Gregorio
245
0
_a
FilosofĂa Social
250
_a
3a.ed.
264
_b
Eset
942
_c
LIB
999
_c
3411
_d
3411